000 00705nam a2200229 4500
003 OSt
005 20240605010200.0
006 a
008 240604b |||||||| |||| 00| 0 eng d
020 _a9719264444
040 _aDWCL-Main lib.
_cOC
082 _aFil. 362.76 An581c 2006
100 _aAng, Armando
245 _aChild abuse : a growing menace /
260 _aManila :
_b Armando Ang,
_cc2006.
300 _b448 pages ;
_c23 cm.
504 _aIncludes the text of: Special Protection of Children against Child Abuse, Exploitation and Discrimination Act.
650 _a1. Child abuse–Philippines.
650 _a2. Child abuse.
700 _aArmando Ang
942 _2ddc
_n0
_cBK - FIL
_kFil.
999 _c120
_d120